00413nam a2200145Ia 4500003000400000008004100004040001600045082001300061100002200074245006000096700002200156260004900178300001000227650003000237GCL140319s9999 xx 000 0 eng d aGCL / cGCL04a550bS M1 aSTRAHLER, ALAN H.10aMODERN PHYSICAL GEOGRAPHY: 4TH ED / cSTRAHLER, ALAN H.1 aSTRAHLER, ARTHURN a[S.N] : bJOHN WILEY AND SONS. INC ، c1992 a637 P04aMODERN PHYSICAL GEOGROPHY